000 00627nam a2200241 4500
001 BS2023000183
003 BR-BrBNA
005 20230814091159.0
008 230809b bl.||||| |||| 00| 0 por d
040 _aBR-BrBNA
_bpor.
041 _apor.
072 _aE11
100 _aÉffori, Carlos
245 _aLazer :
_b"Um período estratégico na vida de todos" /
_cCarlos Éffori.
260 _aBrasil - BR :
_bGráfica valci editora ltda,
_c[1990].
300 _a99 p.
650 _aAUTO-AJUDA
650 _aLAZER
650 _aBEM-ESTAR
909 _a202308
_bMaria Neves
942 _cBK
999 _c9771
_d9771